The meaning of modern architecture : (Record no. 7578)

000 -LEADER
fixed length control field 00872cam a2200217 i 4500
003 - CONTROL NUMBER IDENTIFIER
control field OSt
005 - DATE AND TIME OF LATEST TRANSACTION
control field 20200316122709.0
008 - FIXED-LENGTH DATA ELEMENTS--GENERAL INFORMATION
fixed length control field 150306s2015 enka b 001 0 eng
020 ## - INTERNATIONAL STANDARD BOOK NUMBER
International Standard Book Number 9781472453013 (hardback : alk. paper)
040 ## - CATALOGING SOURCE
Original cataloging agency DLC
Language of cataloging eng
Transcribing agency DLC
Description conventions rda
Modifying agency DLC
042 ## - AUTHENTICATION CODE
Authentication code pcc
082 00 - DEWEY DECIMAL CLASSIFICATION NUMBER
Classification number 724/.6
Edition number 23
Item number MOR
100 1# - MAIN ENTRY--PERSONAL NAME
Personal name Morgenthaler, Hans Rudolf,
Relator term author.
245 14 - TITLE STATEMENT
Title The meaning of modern architecture :
Remainder of title its inner necessity and an empathetic reading /
Statement of responsibility, etc Hans Rudolf Morgenthaler, University of Colorado Denver, USA.
300 ## - PHYSICAL DESCRIPTION
Extent viii, 151 pages :
Other physical details illustrations ;
Dimensions 26 cm
504 ## - BIBLIOGRAPHY, ETC. NOTE
Bibliography, etc Includes bibliographical references (pages 143-148) and index.
650 #0 - SUBJECT ADDED ENTRY--TOPICAL TERM
Topical term or geographic name as entry element Architecture, Modern
Chronological subdivision 20th century
General subdivision Themes, motives.
650 #0 - SUBJECT ADDED ENTRY--TOPICAL TERM
Topical term or geographic name as entry element Architecture
General subdivision Psychological aspects
Form subdivision Case studies.
650 #0 - SUBJECT ADDED ENTRY--TOPICAL TERM
Topical term or geographic name as entry element Architecture and society
General subdivision History
Chronological subdivision 20th century.
942 ## - ADDED ENTRY ELEMENTS (KOHA)
Source of classification or shelving scheme
Holdings
Withdrawn status Lost status Source of classification or shelving scheme Damaged status Koha normalized classification for sorting Not for loan Permanent location Current location Date acquired Full call number Barcode Date last seen Price effective from Koha item type
        724_000000000000000__6_MOR   BMS College of Architecture, Design and Planning BMS College of Architecture, Design and Planning 2020-03-16 724/.6 MOR AR-UG1697 2020-03-16 2020-03-16 UG Books
Copyright © 2025, The Librarian, Library and Information Centre, BMSCA D&P, Bengaluru. All Rights Reserved
web counter

Powered by Koha